| 000 | 02653nam0a2200409 4500 | ||
|---|---|---|---|
| 001 | RU\NLR\BIBL_A\022632072 | ||
| 005 | 20260402170319.0 | ||
| 010 |
_a978-5-6051819-4-1 _9300 |
||
| 021 |
_aRU _bКН-П-25-047010 _9КН-П-25-4563 |
||
| 035 | _a(NLR Aleph) 022632072 | ||
| 090 |
_a13649606 _c13649606 |
||
| 100 | _a20250926d2024 k y0rusy50 ca | ||
| 101 | 0 | _arus | |
| 102 | _aRU | ||
| 105 | _aach z 100yy | ||
| 181 | 0 |
_ai3 _baxxe |
|
| 182 | 0 | _an | |
| 200 | 1 |
_aКарповские чтения _eсборник статей участников XI Всероссийской научно-практической конференции, 17–18 октября 2024 г., г. Арзамас _fАдминистрация городского округа город Арзамас, Московский государственный университет имени М. В. Ломоносова, Факультет политологии Институт международных отношений и мировой истории ННГУ им. Н.И. Лобачевского АНО «Центр развития "Родная земля"» _gредакционная коллегия: Ю. А. Курдин, кандидат филологических наук, доцент (отв. редактор) [и др.] |
|
| 203 |
_aТекст _bвизуальный _cнепосредственный |
||
| 210 |
_aСаров _cИнтерконтакт _d2024 |
||
| 215 |
_a459 с., [16] л. ил., цв. ил., портр., факс. _d21 |
||
| 300 | _aНа обл.: 11 | ||
| 320 | _aБиблиогр. в конце ст. и в подстроч. примеч. | ||
| 600 | 1 |
_aКарпов _bА. В. _f1857 - 1885 _gАндрей Васильевич _jСъезды, совещания и т.п _92627136 _3RU\NLR\AUTH\661563696 |
|
| 606 | 1 |
_aРусская филология _jСъезды, совещания и т.п _91533718 _3RU\NLR\AUTH\66969420 |
|
| 607 |
_aРоссия _jСъезды, совещания и т.п _xИсторико-этнографические исследования _92446509 _3RU\NLR\AUTH\6601672680 |
||
| 686 | 1 | _aШ041.2я434 | |
| 686 | 1 | _aШ2г(2)1дКарпов | |
| 686 | 1 | _aТ3(2)я431 | |
| 686 | 1 | _aТ52(2)я431 | |
| 702 | 1 |
_4340 _7ca _8rus _aКурдин _bЮ. А. _f1956- _gЮрий Александрович _994204 _3RU\NLR\AUTH\77111279 |
|
| 710 | 1 | 2 |
_aКарповские чтения _d11 _eАрзамас _f2024 _92679622 _3RU\NLR\AUTH\880631937 |
| 942 | _cBOOK | ||
| 980 | _aNB | ||